MARC

LEADER 00000nam0a2200000 4500
001 287214
005 20231101235952.0
035 |a (RuTPU)RU\TPU\book\311592 
090 |a 287214 
100 |a 20150313d1985 k y0rusy50 ca 
101 0 |a rus 
102 |a RU 
105 |a a z 001zy 
200 1 |a Механика и технология формирования закладочных массивов  |f Ю. А. Рыжков, А. Н. Волков, В. А. Гоголин 
210 |a Москва  |c Недра  |d 1985 
215 |a 192 с.  |c ил. 
320 |a Библиогр.: с. 187-189 
606 1 |a Горные выработки  |x Закладка выработанного пространства  |2 stltpush  |3 (RuTPU)RU\TPU\subj\7761  |9 35311 
610 1 |a закладочные массивы 
610 1 |a особенности 
610 1 |a изучение 
610 1 |a сдвиги 
610 1 |a сопротивление 
610 1 |a несущая способность 
610 1 |a компрессионные свойства 
610 1 |a выемочные машины 
610 1 |a взаимодействие 
610 1 |a вмещающие породы 
610 1 |a угольные пласты 
610 1 |a разработка 
675 |a 622.273  |v 3 
700 1 |a Рыжков  |b Ю. А.  |g Юрий Александрович 
701 1 |a Волков  |b А. Н.  |g Александр Николаевич 
701 1 |a Гоголин  |b В. А.  |g Вячеслав Анатольевич 
801 1 |a RU  |b 63413507  |c 20150313 
801 2 |a RU  |b 63413507  |c 20190129  |g RCR 
942 |c BK